000 00474nam a2200205Ia 4500
008 210210b1928 xxu||||| |||| 00| 0 eng d
041 _aeng
082 _a425/185
100 _aMAYOR (J B)
245 _aHand book of modern English metre
260 _aCambridge
_bAt the University Press.
_c1928
650 _aof
650 _amodern
650 _ametre
650 _aHand
650 _aEnglish
650 _abook
690 _aEnglish Grammar
906 _a005961
999 _c128979
_d128979